000
00341nam a2200145Ia 4500
008
221030s9999 xx 000 0 und d
020
_a
0333387147
041
_a
English
100
_a
G. G. L. Wright
245
0
_a
Mastering Computers
_c
by G. G. L. Wright
260
_b
-
_a
-
_c
1985
300
_a
227
650
_a
BB Computer
942
_c
BK
999
_c
18859
_d
18859